| 000 | 01081nam a2200277 a 4500 | ||
|---|---|---|---|
| 005 | 20210223124534.0 | ||
| 008 | 020116s2000 r 000 0 eng d | ||
| 020 | _a8426712894 | ||
| 035 | _aUPN01000114605 | ||
| 049 | _aCG | ||
| 050 | 4 |
_aZ253.532 A3 _bB6.28 |
|
| 100 | 1 | _aBorges, Malte | |
| 245 | 1 | 0 |
_aAdobe In Design 1.5 / _cMalte Borges, Tanja Hirt, Angela Wulf ; tr. Virginia Pérez Moreno. |
| 260 |
_aBarcelona, Esp. _bMarcombo, _cc2000. |
||
| 300 |
_a767 p. + _e1 CD-ROM ; 4 3/4 plg. |
||
| 440 | 0 | _aGran Libro | |
| 500 | _a"Toda la infomación sobre InDesign 1.5 para Windows y Macintosh" | ||
| 505 | 8 | _gContenido del CD-ROM: Archivos de ejemplo de todos los proyectos básicos. Versión Tryout de InDesign 1.5. Acrobat Reader para Windows. Software demo. | |
| 534 |
_pTraducción de: _tAdobe InDesign 1.5 insider. |
||
| 650 | 4 |
_aADOBE INDESIGN (PROGRAMA PARA COMPUTADORA) _9619 |
|
| 650 | 4 |
_aAUTOEDICION POR COMPUTADORA _915815 |
|
| 700 | 1 |
_aHirt, Tanja, _ecoaut. |
|
| 700 | 1 |
_aWulf, Angela, _ecoaut. |
|
| 700 | 1 |
_aPérez Moreno, Virginia, _etr. |
|
| 905 | _aLibro | ||
| 999 |
_c88510 _d88510 |
||